| 000 | 00543nam a2200217Ia 4500 | ||
|---|---|---|---|
| 003 | OSt | ||
| 005 | 20251129094658.0 | ||
| 008 | 210719s1971 xx 000 0 und d | ||
| 040 | _cAL | ||
| 041 | _aEnglish | ||
| 082 | _aK494E ACHT | ||
| 100 |
_aACHARYA (A S) _9247169 |
||
| 245 | _aTiptur Kannada. | ||
| 260 |
_aPoona _bDeccan College _c1971 |
||
| 300 |
_a112 _bPB |
||
| 365 |
_b10 _cRs |
||
| 440 |
_aLinguistic survey of India series: 8 _9247170 |
||
| 650 |
_aKannada Language _9247171 |
||
| 906 | _aTiptur Kannada | ||
| 942 |
_2ddc _cBK |
||
| 999 |
_c214012 _d214012 |
||